Sepuluh sahabat utama Rasulullah s.a.w. turut merubah sejarah dunia

Bibliographic Details
Main Author: Usman, K. H. M. Ali (Author)
Format: Book
Published: Jakarta : Bulan Bintang , 1976
Subjects:

MARC

LEADER 00000cam a2200000 7i4500
001 0000006278
005 20191002093000.0
008 021119s1976
090 0 0 |a BP75.5   |b .U852 
100 0 |a Usman, K. H. M. Ali ,   |e author 
245 1 0 |a Sepuluh sahabat utama Rasulullah s.a.w. turut merubah sejarah dunia   |c M. Ali Usman 
260 2 |a Jakarta :   |b Bulan Bintang ,   |c 1976 
300 |a 196 p. ;   |c 18 cm. 
600 0 0 |a Muhammad ,   |c Prophet ,   |d d. 632   |x Companions 
999 |a 1000001678   |b Book   |c OPEN SHELF (30 DAYS)   |e Gong Badak Campus 
999 |a 1000001679   |b Book   |c OPEN SHELF (30 DAYS)   |e Gong Badak Campus 
999 |a 1000001681   |b Book   |c OPEN SHELF (30 DAYS)   |e Gong Badak Campus 
999 |a 1000001683   |b Book   |c OPEN SHELF (30 DAYS)   |e Gong Badak Campus 
999 |a 1000001684   |b Book   |c OPEN SHELF (30 DAYS)   |e Gong Badak Campus